Southville International School and Colleges
Your cart is empty.
  • Cart
  • Lists
    Public lists Eva Luna New books Lux_list list_1
    Your lists Log in to create your own lists
  • Log in to your account
  • Your cookies
  • Search history
Southville International School and Colleges
  • Advanced search
  • Recent comments
  • Most popular
  • Libraries

Log in to your account

Log in with GOOGLE


If you do not have an external account, but do have a local account, you can still log in:

  1. Home
  2. MARC view: Corporate fraud :
Normal view MARC view ISBD view

Corporate fraud : (Record no. 357293)

[ view plain ]
MARC details
000 -LEADER
fixed length control field 00540nam a2200205Ia 4500
008 - FIXED-LENGTH DATA ELEMENTS--GENERAL INFORMATION
fixed length control field 180523s9999 xx 000 0 und d
020 ## - INTERNATIONAL STANDARD BOOK NUMBER
International Standard Book Number 81-7992-262-6
050 ## - LIBRARY OF CONGRESS CALL NUMBER
Classification number MAIN HV 6691
050 ## - LIBRARY OF CONGRESS CALL NUMBER
Item number .P75 2004
100 ## - MAIN ENTRY--PERSONAL NAME
Personal name Price, David.
245 #0 - TITLE STATEMENT
Title Corporate fraud :
245 #0 - TITLE STATEMENT
Remainder of title how to identify and deal with corporate fraud and how to prevent it /
245 #0 - TITLE STATEMENT
Statement of responsibility, etc David Price.
260 ## - PUBLICATION, DISTRIBUTION, ETC. (IMPRINT)
Place of publication, distribution, etc New Delhi :
260 ## - PUBLICATION, DISTRIBUTION, ETC. (IMPRINT)
Name of publisher, distributor, etc Jaico Publishing,
260 ## - PUBLICATION, DISTRIBUTION, ETC. (IMPRINT)
Date of publication, distribution, etc 2004
300 ## - PHYSICAL DESCRIPTION
Extent 183 pages :
300 ## - PHYSICAL DESCRIPTION
Dimensions 22 cm.
500 ## - GENERAL NOTE
General note Includes index.
Holdings
Withdrawn status Lost status Damaged status Home library Current library Shelving location Date acquired Cost, normal purchase price Total Checkouts Full call number Barcode Date last seen Price effective from Koha item type
      South Mansfield College South Mansfield College   03/07/2005 771.00   MAIN HV 6691 .P75 2004 SMC00647 05/23/2018 05/23/2018  

Corporate fraud :

APA

Price D., .Corporate fraud. New Delhi: .

Chicago

Price David, .Corporate fraud. New Delhi: .

Harvard

Price D., .Corporate fraud. New Delhi: .

MLA

Price David, .New Delhi: . .

  • Place hold
  • Print
  • Cite
  • Add to your cart (remove)
  • Save record
    BIBTEX Dublin Core MARCXML MARC (non-Unicode/MARC-8) MARC (Unicode/UTF-8) MARC (Unicode/UTF-8, Standard) MODS (XML) RIS
  • More searches
    Search for this title in:
    Other Libraries (WorldCat) Other Databases (Google Scholar) Online Stores (Bookfinder.com) Open Library (openlibrary.org)

Exporting to Dublin Core...

SOUTHVILLE LIBRARY

Southville International School and Colleges Library

1281 Tropical Ave. Cor. Luxembourg St., BF Homes International, Las Pinas City

Tel. No. 8256374 / 252358 Loc. 117/146

Powered by Koha